Business cycles theory, history, indicators, and forecasting /

Bibliographic Details
Main Author: Zarnowitz, Victor, 1919-2009.
Corporate Author: ProQuest (Firm)
Format: Electronic eBook
Language:English
Published: Chicago : University of Chicago Press, 1996, c1992.
Edition:Pbk. ed.
Series:Studies in business cycles ; no. 27.
Subjects:
Online Access:Click to View
LEADER 01489nam a2200409 a 4500
001 EBC408199
003 MiAaPQ
005 20200520144314.0
006 m o d |
007 cr cn|||||||||
008 081215t19961992ilua sb 001 0 eng d
010 |z  91043392  
020 |z 0226978907 (cloth) 
020 |z 0226978915 (paper) 
020 |z 9780226978918 
020 |z 9780226978925 
035 |a (MiAaPQ)EBC408199 
035 |a (Au-PeEL)EBL408199 
035 |a (CaPaEBR)ebr10209937 
035 |a (CaONFJC)MIL112616 
035 |a (OCoLC)648335512 
040 |a MiAaPQ  |c MiAaPQ  |d MiAaPQ 
050 4 |a HB3711  |b .Z37 1996 
100 1 |a Zarnowitz, Victor,  |d 1919-2009. 
245 1 0 |a Business cycles  |h [electronic resource] :  |b theory, history, indicators, and forecasting /  |c Victor Zarnowitz. 
250 |a Pbk. ed. 
260 |a Chicago :  |b University of Chicago Press,  |c 1996, c1992. 
300 |a xvii, 593 p. :  |b ill. 
490 1 |a Studies in business cycles ;  |v v. 27 
504 |a Includes bibliographical references and indexes. 
533 |a Electronic reproduction. Ann Arbor, MI : ProQuest, 2015. Available via World Wide Web. Access may be limited to ProQuest affiliated libraries. 
650 0 |a Business cycles. 
650 0 |a Economic forecasting. 
655 4 |a Electronic books. 
710 2 |a ProQuest (Firm) 
830 0 |a Studies in business cycles ;  |v no. 27. 
856 4 0 |u https://ebookcentral.proquest.com/lib/matrademy/detail.action?docID=408199  |z Click to View